000
00326nam a2200133Ia 4500
008
210210b1907 xxu||||| |||| 00| 0 eng d
082
_a
150/72
100
_a
MITCHELL, W.
245
_a
Structure and growth of the mind.
260
_a
_b
Not Mentioned
_c
1907
650
_a
Mind studies
690
_a
Psychology
906
_a
001020
999
_c
77536
_d
77536